| 000 | 01128nam2a22002531 4500 | ||
|---|---|---|---|
| 001 | RU\NLR\INFOCOMM17\1000321731 | ||
| 005 | 20031205161539.0 | ||
| 035 | _a(NLR Aleph) 002280631 | ||
| 090 |
_a4038562 _c4038562 |
||
| 100 | _a20031205d1987 |||y0rusy50 ba | ||
| 101 | 0 | _arus | |
| 102 | _aRU | ||
| 105 | _ay ||||||||| | ||
| 200 | 1 |
_a(Пакет прикладных программ обработки геофизической информации автоматизированной системы решения геолого-прогнозных задач АЛИСА _fБрискин В.Л.) |
|
| 210 | _d1987 | ||
| 461 | 0 |
_1001RU\NLR\INFOCOMM17\1000321628 _12001#$aАлгоритмы и программы$fВНИИ экономики минер.сырья и геол.-развед.работ (ВИЭМС)$gОтрасл.фонд алгоритмов и программ "Геология"$v1987, Вып.4(104) |
|
| 700 | 1 |
_aБрискин _bВ. Л. _4070 |
|
| 801 | 0 |
_aRU _bNLR _gPSBO |
|
| 801 | 1 |
_aRU _bInfoComm _c20031205 |
|
| 852 |
_aNLR _j74-7/951 |
||
| 942 | _cISSUE | ||
| 980 | _aNB | ||
| 980 | _aRUSPER | ||